| 000 | 00562nam a2200229 a 4500 | ||
|---|---|---|---|
| 001 | nice12345678 | ||
| 003 | IN_TiNIC | ||
| 005 | 20260116014127.0 | ||
| 008 | 100216s2007 newa grp 000 0 eng | ||
| 020 |
_a8125031693 _c185 |
||
| 082 | 0 | 0 |
_a190 _bPAL |
| 100 | _aPalmer, Donald D | ||
| 245 | _aKierkegaard for Beginners | ||
| 260 |
_aNew Delhi _bOrient Blackswan _c2007 |
||
| 300 | _a150p | ||
| 500 | _aincludes index and biblioraphy | ||
| 650 | _aPhilosophy | ||
| 700 | 1 | _aPalmer, Donald D | |
| 902 | _bSRS | ||
| 942 | _cBK | ||
| 999 |
_c13991 _d13991 |
||